[Event "SVK-chT2C 2223"]
[Site "Slovakia"]
[Date "2023.02.11"]
[Round "8.2"]
[White "Staffen, Richard"]
[Black "Taragelova, Martina"]
[Result "0-1"]
[WhiteElo "1977"]
[BlackElo "2013"]
[PlyCount "96"]
[EventDate "2022.10.08"]
[EventType "team-tourn"]
[EventRounds "11"]
[EventCountry "SVK"]
[SourceTitle "EXT 2024"]
[Source "ChessBase"]
[SourceDate "2023.10.10"]
[SourceVersion "1"]
[SourceVersionDate "2023.10.10"]
[SourceQuality "1"]
[WhiteTeam "Zilina Mladost IV"]
[BlackTeam "Liptov Chess School III"]
[WhiteTeamCountry "SVK"]
[BlackTeamCountry "SVK"]

1. d4 d5 2. Bf4 Nf6 3. e3 c5 4. c3 Nc6 5. Bd3 e6 6. Nf3 b6 7. Nbd2 Bb7 8. Ne5 Nxe5 9. Bxe5 Nd7 10. Bf4 Be7 11. Qg4 g5 12. Be5 h5 13. Qh3 Nxe5 14. dxe5 d4 15. exd4 cxd4 16. Bb5+ Kf8 17. c4 Qc7 18. 0-0 Qxe5 19. Rad1 g4 20. Qd3 Qf4 21. g3 Qf6 22. Ne4 Qf5 23. Rfe1 e5 24. Nc5 Qxd3 25. Nxd3 f6 26. Bd7 Rd8 27. Bf5 Kf7 28. h4 Bf8 29. Kf1 Bh6 30. Be4 Bxe4 31. Rxe4 Rhe8 32. Nb4 Rd7 33. Nd5 Bg7 34. a4 f5 35. Ree1 e4 36. b3 d3 37. Kg2 Bh6 38. Kf1 Re6 39. Kg2 a6 40. Ra1 b5 41. axb5 axb5 42. Kf1 Red6 43. Ra5 bxc4 44. bxc4 Bd2 45. Rc5 Bxe1 46. Kxe1 Ra6 47. Ne3 Ra1+ 48. Kd2 Ra2+ 0-1

[Event "Piestany Slovakia op"]
[Site "Piestany"]
[Date "2021.07.16"]
[Round "7"]
[White "Taragelova, Martina"]
[Black "Fizer, Marek"]
[Result "1/2-1/2"]
[WhiteElo "2008"]
[BlackElo "1828"]
[PlyCount "130"]
[EventDate "2021.07.10"]
[EventType "swiss"]
[EventRounds "9"]
[EventCountry "SVK"]
[SourceTitle "CBM 203 Extra"]
[Source "ChessBase"]
[SourceDate "2021.09.30"]
[SourceVersion "1"]
[SourceVersionDate "2021.09.30"]
[SourceQuality "1"]

1. e4 c5 2. Nf3 a6 3. d4 cxd4 4. Nxd4 Nf6 5. Nc3 e5 6. Nf3 Bb4 7. Bd2 d6 8. Bd3 0-0 9. h3 Re8 10. 0-0 Bxc3 11. Bxc3 d5 12. Bxe5 dxe4 13. Bxf6 Qxf6 14. Re1 Bf5 15. Nd2 Nc6 16. Nxe4 Qxb2 17. Rb1 Qd4 18. Qf3 Bxe4 19. Rxe4 Rxe4 20. Bxe4 Na5 21. Rd1 Qb6 22. Rd7 Rf8 23. Bd5 Qf6 24. Qxf6 gxf6 25. Bxb7 Nxb7 26. Rxb7 Rc8 27. Rb6 Rxc2 28. Rxa6 Kg7 29. g3 h5 30. Kg2 Kg6 31. Ra4 Rc3 32. Ra8 f5 33. a4 Ra3 34. Ra6+ Kg7 35. a5 Kh7 36. Ra8 Kg7 37. h4 Kh7 38. a6 Kg7 39. a7 Kh7 40. Kf1 Kg7 41. Ke2 Kf6 42. Rh8 Rxa7 43. Rxh5 Ra2+ 44. Kf3 Ra3+ 45. Kg2 Ra2 46. Rh8 Kg7 47. Re8 Rb2 48. Kf3 Rb4 49. Rd8 Rg4 50. Ke3 Re4+ 51. Kd3 Re6 52. Rd4 Kg6 53. f3 Kh5 54. Rd5 Kg6 55. Kd4 Re1 56. g4 fxg4 57. fxg4 Rg1 58. Rg5+ Kh6 59. Ke5 Rh1 60. Rh5+ Kg6 61. Kf4 Rf1+ 62. Ke3 f5 63. Rg5+ Kf6 64. Rxf5+ Rxf5 65. gxf5 Kxf5 1/2-1/2

[Event "Mitropa Cup Online (Women)"]
[Site "Tornelo INT"]
[Date "2021.05.09"]
[Round "6.3"]
[White "Lubbe, Melanie"]
[Black "Taragelova, Martina"]
[Result "1-0"]
[WhiteElo "2278"]
[BlackElo "2010"]
[PlyCount "87"]
[EventDate "2021.05.04"]
[EventType "team-tourn"]
[EventRounds "9"]
[EventCountry "SUI"]
[SourceTitle "CBM 202 Extra"]
[Source "ChessBase"]
[SourceDate "2021.07.31"]
[SourceVersion "1"]
[SourceVersionDate "2021.07.31"]
[SourceQuality "1"]
[WhiteTeam "Germany (W)"]
[BlackTeam "Slovakia (W)"]
[WhiteTeamCountry "GER"]
[BlackTeamCountry "SVK"]

1. e4 e5 2. Nf3 Nc6 3. Bc4 Bc5 4. c3 Nf6 5. d4 exd4 6. e5 d5 7. Bb5 Ne4 8. cxd4 Bb4+ 9. Bd2 Bxd2+ 10. Nbxd2 Nxd2 11. Qxd2 Bd7 12. Bd3 Qe7 13. 0-0 0-0 14. Qf4 h6 15. a3 Qe6 16. h3 Ne7 17. Rac1 c6 18. Rc3 Rae8 19. Bb1 Bc8 20. Re1 f5 21. exf6 Qxf6 22. Qxf6 Rxf6 23. Rce3 Kf8 24. g4 g5 25. Ne5 Rd8 26. Kg2 Rdd6 27. Kg3 Rde6 28. R1e2 Kg7 29. h4 Rf4 30. Rd2 Kf6 31. f3 Kg7 32. b4 a6 33. Ree2 Rff6 34. Rh2 gxh4+ 35. Rxh4 Rd6 36. Rh1 Rf8 37. f4 Rdf6 38. Rf2 Be6 39. g5 Nf5+ 40. Bxf5 Rxf5 41. Rxh6 Re8 42. Rfh2 Bg8 43. Rg6+ Kf8 44. Rh8 1-0

[Event "EU-ch Online U18 Girls"]
[Site "Tornelo INT"]
[Date "2020.09.19"]
[Round "5"]
[White "Taragelova, Martina"]
[Black "Malicka, Maria"]
[Result "0-1"]
[WhiteElo "2010"]
[BlackElo "2256"]
[PlyCount "64"]
[EventDate "2020.09.18"]
[EventType "swiss (rapid)"]
[EventRounds "9"]
[EventCountry "ENG"]
[SourceTitle "CBM 198 Extra"]
[Source "ChessBase"]
[SourceDate "2020.11.30"]
[SourceVersion "1"]
[SourceVersionDate "2020.11.30"]
[SourceQuality "1"]

1. e4 c5 2. Nf3 d6 3. Bb5+ Nd7 4. d4 a6 5. Be2 cxd4 6. Nxd4 Ngf6 7. Nc3 e5 8. Nb3 Be7 9. 0-0 0-0 10. f4 b5 11. a3 Bb7 12. Bf3 Rc8 13. f5 Nb6 14. g4 d5 15. exd5 Nfxd5 16. Ne4 Nc4 17. Qe2 Qb6+ 18. Qf2 Nce3 19. Bxe3 Nxe3 20. Rfe1 Bxe4 21. Bxe4 Bg5 22. h4 Bf4 23. Re2 Rc4 24. Nd2 Rd4 25. c3 Nxg4 26. cxd4 Nxf2 27. Kxf2 Qxd4+ 28. Kf1 Bxd2 29. Rd1 Rd8 30. Rdxd2 Qxd2 31. Rxd2 Rxd2 32. b3 Ra2 0-1

[Event "EU-ch Online U18 Girls"]
[Site "Tornelo INT"]
[Date "2020.09.18"]
[Round "1"]
[White "Taragelova, Martina"]
[Black "Urh, Zala"]
[Result "1-0"]
[WhiteElo "2010"]
[BlackElo "2156"]
[PlyCount "125"]
[EventDate "2020.09.18"]
[EventType "swiss (rapid)"]
[EventRounds "9"]
[EventCountry "ENG"]
[SourceTitle "CBM 198 Extra"]
[Source "ChessBase"]
[SourceDate "2020.11.30"]
[SourceVersion "1"]
[SourceVersionDate "2020.11.30"]
[SourceQuality "1"]

1. e4 c5 2. Nf3 Nc6 3. d4 cxd4 4. Nxd4 Nf6 5. Nc3 e5 6. Ndb5 d6 7. Bg5 a6 8. Na3 b5 9. Nd5 Be7 10. Bxf6 Bxf6 11. c4 b4 12. Nc2 0-0 13. g3 a5 14. Bg2 Bg5 15. 0-0 Be6 16. Qd3 Ne7 17. Nce3 Bxe3 18. Nxe3 Qb6 19. Nd5 Bxd5 20. cxd5 Rfc8 21. Rac1 Rc5 22. Qe3 Rac8 23. Bh3 R8c7 24. Qd2 a4 25. Rfd1 g6 26. Qe3 Kg7 27. Kg2 Qa5 28. Rxc5 Qxc5 29. Qxc5 Rxc5 30. Bd7 a3 31. bxa3 bxa3 32. Rd3 Ra5 33. Bc6 f5 34. f3 g5 35. Rb3 Ra7 36. Kf2 h5 37. Ke3 h4 38. Rb7 Rxb7 39. Bxb7 Kf6 40. Kd3 g4 41. fxg4 fxg4 42. Ke3 Kg5 43. Bc6 Ng8 44. Bd7 Nf6 45. Bc8 Nh5 46. Kf2 Nf6 47. Ke3 Ne8 48. Bd7 Nc7 49. Bc6 Na6 50. Bb5 Nb4 51. Bc4 Nc2+ 52. Ke2 Nd4+ 53. Kf2 h3 54. Be2 Nc2 55. Bc4 Nb4 56. Ke3 Nc2+ 57. Kf2 Nd4 58. Be2 Kh5 59. Ke3 Nc2+ 60. Kf2 Nb4 61. Bc4 Kg5 62. Ke3 Kf6 63. Kd2 1-0

[Event "SVK-ch U20 Girls"]
[Site "Lubovna"]
[Date "2020.08.17"]
[Round "3"]
[White "Taragelova, Martina"]
[Black "Nadzamova, Viktoria"]
[Result "1-0"]
[WhiteElo "2002"]
[BlackElo "1966"]
[PlyCount "47"]
[EventDate "2020.08.15"]
[EventType "swiss"]
[EventRounds "9"]
[EventCountry "SVK"]
[SourceTitle "EXT 2021"]
[Source "ChessBase"]
[SourceDate "2020.10.23"]
[SourceVersion "1"]
[SourceVersionDate "2020.10.23"]
[SourceQuality "1"]

1. d4 Nf6 2. Bf4 e6 3. e3 d5 4. c3 Be7 5. Nd2 Nbd7 6. Ngf3 0-0 7. Bd3 b6 8. Qe2 c5 9. Rd1 Bb7 10. h4 Ne4 11. Ne5 cxd4 12. exd4 Nxe5 13. dxe5 Nc5 14. Nf3 Nxd3+ 15. Qxd3 g6 16. Bh6 Re8 17. h5 Qc7 18. Qd4 Rad8 19. Ng5 Qc4 20. hxg6 hxg6 21. b3 Qxd4 22. Rxd4 Bc5 23. Rdh4 d4 24. Nh7 1-0

[Event "SVK-chT2C 1920"]
[Site "Slovakia"]
[Date "2020.03.08"]
[Round "11.4"]
[White "Gyerpal, Adrian"]
[Black "Taragelova, Martina"]
[Result "1/2-1/2"]
[WhiteElo "2081"]
[BlackElo "1956"]
[PlyCount "82"]
[EventDate "2019.10.26"]
[EventType "team-tourn"]
[EventRounds "11"]
[EventCountry "SVK"]
[SourceTitle "CBM 195 Extra"]
[Source "ChessBase"]
[SourceDate "2020.05.31"]
[SourceVersion "1"]
[SourceVersionDate "2020.05.31"]
[SourceQuality "1"]
[WhiteTeam "Zvolen Slavia"]
[BlackTeam "Liptov Chess School III"]
[WhiteTeamCountry "SVK"]
[BlackTeamCountry "SVK"]

1. d4 d5 2. c4 c6 3. Nf3 Nf6 4. e3 e6 5. b3 Nbd7 6. Bd3 Bd6 7. Bb2 0-0 8. 0-0 Qc7 9. cxd5 exd5 10. Nc3 Re8 11. Rc1 Qd8 12. Qc2 Nf8 13. h3 Be6 14. Ne5 N6d7 15. f4 f6 16. Nf3 Bf7 17. Rce1 Rc8 18. Qf2 c5 19. g4 cxd4 20. Nxd4 Bc5 21. Kg2 Bxd4 22. exd4 Qb6 23. f5 a6 24. Re2 Rxe2 25. Nxe2 Qa5 26. a3 Qd2 27. Nf4 Qxf2+ 28. Kxf2 g5 29. Ng2 Nb8 30. Ne3 Nc6 31. Rc1 Nd7 32. Be2 Ne7 33. Rxc8+ Nxc8 34. Bf3 Ne7 35. Bc3 Nb8 36. Bb4 Nbc6 37. Bxe7 Nxe7 38. Ke2 Kf8 39. Kd3 Ke8 40. Kc3 Kd7 41. Kb4 Kd6 1/2-1/2

[Event "SVK-chT2C 1920"]
[Site "Slovakia"]
[Date "2020.03.07"]
[Round "10.3"]
[White "Kovacs, Daniel1111"]
[Black "Taragelova, Martina"]
[Result "1/2-1/2"]
[WhiteElo "2010"]
[BlackElo "1956"]
[PlyCount "77"]
[EventDate "2019.10.26"]
[EventType "team-tourn"]
[EventRounds "11"]
[EventCountry "SVK"]
[SourceTitle "CBM 195 Extra"]
[Source "ChessBase"]
[SourceDate "2020.05.31"]
[SourceVersion "1"]
[SourceVersionDate "2020.05.31"]
[SourceQuality "1"]
[WhiteTeam "Vinica"]
[BlackTeam "Liptov Chess School III"]
[WhiteTeamCountry "SVK"]
[BlackTeamCountry "SVK"]

1. e4 e5 2. Nc3 Nc6 3. Bc4 Bc5 4. d3 d6 5. Na4 Bb6 6. Nxb6 axb6 7. a3 Nge7 8. f4 0-0 9. Nf3 exf4 10. Bxf4 Be6 11. Bxe6 fxe6 12. Ng5 Qc8 13. 0-0 h6 14. Nh3 e5 15. Be3 Qe6 16. Qh5 Qg6 17. Qxg6 Nxg6 18. Rxf8+ Rxf8 19. Rf1 Rxf1+ 20. Kxf1 Kf7 21. Ng1 Nd8 22. Ne2 Ne6 23. g3 Ne7 24. Nc3 Ke8 25. Kf2 Kd7 26. h4 Nc6 27. Nd1 Ne7 28. Kf3 Nc6 29. c3 Ke7 30. Bf2 Kf7 31. Ne3 Nc5 32. Ke2 Ne7 33. Nd1 Nd7 34. Ne3 Nc5 35. Nd1 Nd7 36. Ke3 Ke6 37. Kf3 Kf6 38. Be3 Ke6 39. Bf2 1/2-1/2

[Event "SVK-chT2C 1920"]
[Site "Slovakia"]
[Date "2019.11.16"]
[Round "3.6"]
[White "Staffen, Richard"]
[Black "Taragelova, Martina"]
[Result "1/2-1/2"]
[WhiteElo "1976"]
[BlackElo "1956"]
[PlyCount "134"]
[EventDate "2019.10.26"]
[EventType "team-tourn"]
[EventRounds "11"]
[EventCountry "SVK"]
[SourceTitle "CBM 193 Extra"]
[Source "ChessBase"]
[SourceDate "2020.01.31"]
[SourceVersion "1"]
[SourceVersionDate "2020.01.31"]
[SourceQuality "1"]
[WhiteTeam "Zilina Mladost II"]
[BlackTeam "Liptov Chess School III"]
[WhiteTeamCountry "SVK"]
[BlackTeamCountry "SVK"]

1. d4 d5 2. c4 c6 3. Nc3 Nf6 4. Nf3 e6 5. Bg5 Nbd7 6. e3 Qa5 7. Bxf6 Nxf6 8. Nd2 Bb4 9. Qc2 0-0 10. Bd3 h6 11. 0-0 Re8 12. a3 Bxc3 13. Qxc3 Qxc3 14. bxc3 e5 15. Rab1 b6 16. a4 Ba6 17. a5 exd4 18. cxd4 dxc4 19. Bxc4 Bxc4 20. Nxc4 b5 21. Ne5 a6 22. Nxc6 Nd5 23. Rfc1 Rac8 24. Ne5 Nc3 25. Kf1 Nxb1 26. Rxb1 Rc2 27. Nd3 Ra2 28. Nc5 Rxa5 29. Ke2 Ra2+ 30. Kf3 Kf8 31. e4 Ke7 32. e5 Rd8 33. Rd1 Rc2 34. Nxa6 Rc3+ 35. Ke4 Rc4 36. Rd3 Rc1 37. Nb4 Re1+ 38. Kf3 Rc1 39. d5 Rc4 40. Rb3 Rxb4 41. Rxb4 Rxd5 42. Ke4 Ke6 43. f4 f5+ 44. exf6 gxf6 45. g4 Kd6 46. h4 Ke6 47. Rb2 f5+ 48. gxf5+ Rxf5 49. Kf3 Rc5 50. Re2+ Kf5 51. Rb2 Rc3+ 52. Kf2 Kxf4 53. Rxb5 Rc2+ 54. Kg1 Kg3 55. Rb3+ Kxh4 56. Rb4+ Kg3 57. Rb3+ Kf4 58. Rb4+ Ke3 59. Rb3+ Kd4 60. Rb4+ Kd3 61. Rb3+ Kd2 62. Rb6 h5 63. Rh6 Rc5 64. Kg2 Ke3 65. Kg3 Rg5+ 66. Kh4 Rg1 67. Kxh5 Kd4 1/2-1/2

[Event "SVK-chT1E 1920"]
[Site "Slovakia"]
[Date "2019.10.13"]
[Round "2.8"]
[White "Taragelova, Martina"]
[Black "Fecko, Juraj"]
[Result "1-0"]
[WhiteElo "1881"]
[BlackElo "1726"]
[PlyCount "69"]
[EventDate "2019.10.12"]
[EventType "team-tourn"]
[EventRounds "11"]
[EventCountry "SVK"]
[SourceTitle "CBM 193 Extra"]
[Source "ChessBase"]
[SourceDate "2020.01.31"]
[SourceVersion "1"]
[SourceVersionDate "2020.01.31"]
[SourceQuality "1"]
[WhiteTeam "Liptov Chess School II"]
[BlackTeam "Michalovce Zemplin"]
[WhiteTeamCountry "SVK"]
[BlackTeamCountry "SVK"]

1. e4 g6 2. d4 Bg7 3. Nc3 d6 4. Bg5 Nf6 5. Qd2 0-0 6. Bh6 a6 7. h4 b5 8. h5 b4 9. Nd5 Nxe4 10. Qe3 e6 11. Bxg7 Kxg7 12. hxg6 Qg5 13. Qxe4 exd5 14. Rxh7+ Kg8 15. gxf7+ Rxf7 16. Qe8+ Kxh7 17. Qxf7+ Qg7 18. Bd3+ Kh6 19. Qf4+ Qg5 20. Qf8+ Qg7 21. Qxc8 Qxd4 22. Qf8+ Qg7 23. Qxg7+ Kxg7 24. f4 c5 25. 0-0-0 d4 26. g4 a5 27. f5 Kf6 28. Nf3 Nd7 29. g5+ Kg7 30. Re1 Nb6 31. f6+ Kf8 32. Rh1 Kf7 33. Rh7+ Ke6 34. Re7+ Kd5 35. Be4+ 1-0

[Event "EU-ch U16 Girls"]
[Site "Bratislava"]
[Date "2019.08.09"]
[Round "8"]
[White "Taragelova, Martina"]
[Black "Vetshtein, Lior"]
[Result "1-0"]
[WhiteElo "1782"]
[BlackElo "1576"]
[PlyCount "59"]
[EventDate "2019.08.02"]
[EventType "swiss"]
[EventRounds "9"]
[EventCountry "SVK"]
[SourceTitle "CBM 191 Extra"]
[Source "ChessBase"]
[SourceDate "2019.09.30"]
[SourceVersion "1"]
[SourceVersionDate "2019.09.30"]
[SourceQuality "1"]

1. e4 e6 2. d4 d5 3. Bd3 dxe4 4. Bxe4 Nf6 5. Bf3 c5 6. Ne2 Nc6 7. Be3 cxd4 8. Nxd4 Ne5 9. Nc3 Nc4 10. Qe2 Nxe3 11. Qxe3 a6 12. 0-0-0 Qa5 13. Nc6 bxc6 14. Bxc6+ Bd7 15. Bxa8 Be7 16. Qf3 0-0 17. Bc6 Bxc6 18. Qxc6 Bb4 19. a3 Qg5+ 20. Kb1 Bxc3 21. Qxc3 Ne4 22. Qd4 Qf5 23. f3 Nc5 24. g4 Qg5 25. h4 Qe7 26. g5 Rb8 27. Qd6 Qxd6 28. Rxd6 Na4 29. b3 g6 30. Rc6 1-0

[Event "SVK-ch op"]
[Site "Ruzomberok"]
[Date "2019.07.01"]
[Round "3"]
[White "Taragelova, Martina"]
[Black "Profant, Jan1111"]
[Result "1-0"]
[WhiteElo "1719"]
[BlackElo "1871"]
[PlyCount "71"]
[EventDate "2019.06.29"]
[EventType "swiss"]
[EventRounds "9"]
[EventCountry "SVK"]
[SourceTitle "CBM 191 Extra"]
[Source "ChessBase"]
[SourceDate "2019.09.30"]
[SourceVersion "1"]
[SourceVersionDate "2019.09.30"]
[SourceQuality "1"]

1. e4 c5 2. Nf3 g6 3. d4 cxd4 4. Nxd4 Nc6 5. Nc3 Bg7 6. Be3 Nf6 7. Bc4 0-0 8. Bb3 Na5 9. f3 Nxb3 10. axb3 a6 11. Qd2 b5 12. Ndxb5 Bb7 13. Nd4 e5 14. Nde2 d5 15. exd5 Nxd5 16. Nxd5 Bxd5 17. 0-0-0 Be6 18. Qxd8 Rfxd8 19. Nc3 Rdc8 20. Rd2 a5 21. Kb1 f5 22. Rhd1 Kf7 23. Na4 f4 24. Bf2 Rab8 25. Nc5 Bf5 26. Ne4 Bxe4 27. Rd7+ Kg8 28. fxe4 Rb4 29. Rd8+ Rxd8 30. Rxd8+ Kf7 31. c4 a4 32. bxa4 Rxc4 33. a5 Ra4 34. Bb6 Bf8 35. b3 Ra3 36. Rxf8+ 1-0